LEADER 00858nam a2200205 4500 001 000000367048 003 CaOOAMICUS 005 20260327122443.0 008 260327s1938 it 000 u ita r 040 $aSeMil$bita 100 1 $aDella Cioppa, Giovanni.$0(OLS)http://semarc/name/50453 245 13$aLa beata Francesca Saverio Cabrini /$cGiov. Della Cioppa. 264 1$aRoma :$bMissionarie del S. Cuore,$c1938. 300 $a32 p. ;$c16 cm 600 14$aCabrini, Francesca Saverio .$0(OLS)http://semarc/subject/34863 850 $aSeMil 852 $aSeMil$W1$xVenegono$y1$m5C VIII 9/7$j269212$B257781$CSeMilBibl$Z2$F257781 $8M 996 $6245$aLa beata Francesca Saverio Cabrini$9(OLS)http://semarc/title/273124 996 $6264$aRoma :$bMissionarie del S. Cuore$9(OLS)http://semarc/publisher/62965